|
|
|
|
| LEADER |
000000am a2200000 a 4500 |
| 001 |
23970 |
| 003 |
Ucuenca |
| 005 |
20231110122318.0 |
| 008 |
957121|1957 ec |||||r|||||||||||spa|| |
| 040 |
|
|
|b spa
|
| 041 |
0 |
|
|a spa
|
| 082 |
0 |
|
|a E861.4
|b C852p
|
| 100 |
1 |
|
|a Crespo Astudillo, Emiliano.
|d 1885-1971
|9 58398
|
| 245 |
|
|
|a Poemas
|c Emiliano J. Crespo Astudillo
|h imp
|
| 264 |
|
|
|a Quito
|b La Prensa Católica
|c 1957
|
| 300 |
|
|
|a 143 páginas:
|c 21 cm
|
| 650 |
|
7 |
|a Poesía ecuatoriana
|9 618
|
| 852 |
|
|
|a UC-CDJBV
|f Donación
|l 1
|m General
|p 19571217
|q 15,00
|r 8
|t 23970
|b 0
|d CDRC
|e CDRC
|g E861.4 C852p TERCER PISO
|z 1957-71-21
|
| 942 |
|
|
|c BK
|2 ddc
|
| 999 |
|
|
|c 38891
|d 38891
|